Полководцы истории России X-XIX века по описанию - Statistics

General Stats
  • This quiz has been taken 41 times
    37 since last reset
  • The average score is 15 of 45
Answer Stats
Сражения Персонаж % Correct
Кинбурнская битва (1787), битва приФокшанах, при Рымнике (1789), осада Измаила (1790), Штурм Праги (1794), битва при Нови, на Адде (1799) Александр ВасильевичСуворов-Рымникский
71%
Синопская битва (1853), одиниз руководителей обороны Севастополя (1854-1855), погиб в 1855 Павел СтепановичНахимов
58%
Чесменская битва (1770), похищениекняжны Таракановы (1775) Алексей ГригорьевичОрлов-Чесменский
54%
Участие в партизанской борьбе 1812,битва под Лейпцигом (1813) Денис ВасильевичДавыдов
54%
Командование авангардом русскойармии в Альпийских походах, участие в русско-шведской и русско-турецкой войнах, войнах против Наполеона, погиб в 1812 Петр ИвановичБагратион
54%
Битва у Фидониси (1788), у Тендры(1790), при Калиакрии (1791), осада Корфу (1798-1799) Федор Федорович Ушаков
50%
Участие в Наполеоновских войнах, русско-персидской (1826-1828), русско-турецкой (1828-1829), штурм Варшавы (1831), Венгерский поход (1849) Князь Варшавский Иван Федорович Паскевич-Эриванский
50%
Участие в обеих русско-турецких приЕкатерине II, Рущукская битва (1811), Бородинская битва, битва за Мало- ярославец Михаил ИлларионовичГоленищев-Кутузов
46%
Участие в Хивинском походе (1873),Осада Плевны (1877) Михаил Дмитриевич Скобелев
46%
Руководитель обороны Севастополя(1854-1855), погиб на Малаховом Кургане в 1854 Владимир АлексеевичКорнилов
46%
Битва при Добрыничах (1605), оборонаСмоленска (1609-1611), осада Смоленска (1632-1633) Михаил БорисовичШеин
42%
Участие с Синопской битве (1853) иобороне Севастополя (1854-1855), погиб, защищая Малахов Курган в 1855 Владимир ИвановичИстомин
42%
Инженер, участие в обороне Севасто-поле (1854-1855), в русско-турецкой (1877-1878) Эдуард Иванович Тотлебен
38%
Участие в Семилетней войне,Битва на Ларге, на Кагуле (1770), осада Силистрии (1773) Петр АлександровичРумянцев-Задунайский
38%
Командир русской кавалерии в ходеСеверной войны Александр ДаниловичМеншиков
38%
Крымские походы (1687, 1689) Василий ВасильевичГолицын
38%
Участие в Наполеоновских войнах, переход через Балканы (1829), подавление польского восстания (1830) Иван ИвановичДибич-Забалканский
38%
Участие в Наполеоновских войнах,противостояния в Закавказье, основатель Грозного Алексей ПетровичЕрмолов
38%
Участие в подавлении восстании,Болотникова (1606-1607), Московская битва (1612) Дмитрий МихайловичПожарский
38%
Битва на Шелони (1471), участие в стоянии на р. Угре (1480) Даниил Холмский
33%
Осада Бендер (1787) , Очакова (1788)общее руководство войной 1787-1791 Григорий АлександровичПотемкин-Таврический
33%
Битва при Кунерсдорфе (1759), участиев прочих битвах Семилетней войны Петр СеменовичСалтыков
33%
Участие в русско-турецкой войне 1787-1791, подавлении восстания 1794, русско-шведская 1808-1809, бой за Смоленск (1812), участие в Бороднской битве и Заграничном походе Михаил БогдановичБарклай де Толли
33%
Участие в Русско-турецкой (1735-1739),Семилетней войне, Чесменская битва (1770) Григорий АлександровичСпиридов
29%
Участие в русско-турецкой (1735-1739),битва при Гросс-Егерсдорфе (1757) Степан ФедоровичАпраксин
29%
Осада Данцига (1734), Очакова (1738),битва под Ставучанами (1739) Бурхард КристофМиних
29%
Участие во 2-м Азовском походе (1696),Битва у Гангута (1714), Персидский поход (1722-1723) Федор МатвеевичАпраксин
29%
Участие в Азовских Петра (1695-1696), взятие Нотебурга (1702), Ниеншанца (1703), Полтавская битва (1709), осада Риги (17091710), Прутский поход (1711) Борис ПетровичШереметев
29%
Взятие Казани (1552), битва при Молодях (1572) Михаил ИвановичВоротынский
29%
Участие в Северной войне, осадаДанцига (1734), Рейнский поход (1735), Крымский поход (1737), командование в русско-шведской войне (1741-1743) Петр Петрович Ласси
25%
Участие в Наполеоновских войнах,погиб в 1825 Михаил Андреевич Милорадович
25%
Взятие Кенигсберга, битва при Цорн-дорфе (1758), участие в прочих битвах
Семилетней войны
Виллим ВиллимовичФермор
25%
Осада Тулы (1607), Клушинская, Калязинская битва (1610) Михаил ВасильевичСкопин-Шуйский
25%
Участие в Куликовской битве (1380) Дмитрий МихайловичБоброк-Волынский
25%
Командир русской артиллерии в ходеСеверной войны, осада Нарвы (1704), битва у Лесной (1708), Полтавская битва (1709), Прутский поход (1711) Яков Виллимович Брюс
21%
Участие в Семилетней войне, завоевание Крыма в ходе русско- турецкой 1768-1774. Василий МихайловичДолгоруков-Крымский
21%
Командующий всеми силами в Крымув 1853-1855 Александр СергеевичМеншиков
21%
Участие в Чесменской битве (1770),похищение княжны Таракановы (1775), Гогландская битва (1788) Самуил Карлович Грейг
17%
Оборона Киева (968) Претич
17%
Последний руководитель обороныСевастополя (1854-1855) Михаил ДмитриевичГорчаков
17%
Оборона Москвы (1238) Филипп Нянька
13%
Участие во взятии Нотебурга (1702), Ниеншанца (1703), Нарвы (1704), командовал гвардией при Полтаве (1709), войсками в Финляндии, флотом при Гренгаме (1720) Михаил Михайлович Голицын
13%
Битва при Прейсиш-Эйлау, при Фрид-ланде (1807), войны с Наполеоном, русско-турецких войнах Леонтий ЛеонтьевичБеннигсен
13%
Участие в русско-турецкой (1787-1791),2-я Роченсальмская битва (1790) Карл ГенрихНассау-Зиген
8%
Участие в Семилетней войне, походна Берлин (1760), участие в обеих русско-турецких войнах при Екатерине Николай ВасильевичРепнин
4%
No matching quizzes found
Score Distribution
Percent of People with Each Score
Percentile by Number Answered
Your Score History
You have not taken this quiz since the last reset